Practical RF system design /

Bibliographic Details
Main Author: Egan, William F.
Corporate Author: NetLibrary, Inc
Format: eBook
Language:English
Published: New York : Hoboken, N.J. : IEEE ; Wiley-Interscience, [2003]
Subjects:
Online Access:Connect to the full text of this electronic book

MARC

Tag First Indicator Second Indicator Subfields
LEADER 00000cam a2200000Ia 4500
001 in00002038113
005 20220105142206.0
006 m d
007 cr cnu---unuuu
008 040320s2003 nyua sb 001 0 eng d
020 |a 0471654086 (electronic bk.) 
035 |a (OCoLC)ocm54774466 
040 |a N$T  |c N$T  |d OCLCQ  |d UtOrBLW 
049 |a IICN 
050 1 4 |a TK6560  |b .E333 2003eb 
082 0 4 |a 621.38412  |2 22 
100 1 |a Egan, William F.  |0 http://id.loc.gov/authorities/names/n80061541 
245 1 0 |a Practical RF system design /  |c William F. Egan. 
246 3 |a Practical radio frequency system design 
264 1 |a New York :  |b IEEE ;  |a Hoboken, N.J. :  |b Wiley-Interscience,  |c [2003] 
264 4 |c ©2003 
300 |a xxv, 386 pages :  |b illustrations ;  |c 25 cm. 
336 |a text  |b txt  |2 rdacontent 
337 |a computer  |b c  |2 rdamedia 
338 |a online resource  |b cr  |2 rdacarrier 
504 |a Includes bibliographical references (pages 371-377) and index. 
533 |a Electronic reproduction.  |b Boulder, Colo. :  |c NetLibrary,  |d 2004.  |n Available via World Wide Web.  |n Access may be limited to NetLibrary affiliated libraries. 
500 |a Electronic resource. 
650 0 |a Radio circuits  |x Design and construction.  |0 http://id.loc.gov/authorities/subjects/sh2010109336 
650 0 |a Radio frequency.  |0 http://id.loc.gov/authorities/subjects/sh85110472 
655 7 |a Electronic books.  |2 local 
710 2 |a NetLibrary, Inc.  |0 http://id.loc.gov/authorities/names/no99080690 
776 1 |c Original  |z 0471200239  |w (DLC) 2003276062  |w (OCoLC)53846853 
856 4 1 |u https://proxy.library.tamu.edu/login?url=http://www.netLibrary.com/urlapi.asp?action=summary&v=1&bookid=106813  |z Connect to the full text of this electronic book  |t 0 
994 |a 92  |b IIC 
999 |a MARS 
999 f f |s f53cf4d5-b1b3-370d-bad8-133feecd6319  |i dc9b9bc0-139c-35ae-8472-5edf27bb01f8  |t 0 
952 f f |a Texas A&M University  |b College Station  |c Electronic Resources  |d Available Online  |t 0  |e TK6560 .E333 2003eb  |h Library of Congress classification 
998 f f |a TK6560 .E333 2003eb  |t 0  |l Available Online